Manchester United History Quiz - Statistics

General Stats
  • This quiz has been taken 11 times
  • The average score is 5 of 10
Answer Stats
Hint Answer % Correct
Which brothers were part of the ‘Class of 92’? Gary & Phil Neville
100%
Sir Alex Ferguson joined United from which club? Aberdeen
91%
What is the nickname of Old Trafford? Theatre of Dreams
82%
Who did United beat in the 1968 European Cup final? Benfica
73%
Which 3 players make up the Holy Trinity? Best, Law, Charlton
64%
Which former Liverpool and Man City player managed the club? Matt Busby
55%
Initial name of the team Newton Heath
45%
Which Welshman was an early star at United? Billy Meredith
9%
Who was their first owner? John Henry Davies
0%
Who coined the name ‘Manchester United’? Louis Rocca
0%
No matching quizzes found
Score Distribution
Percent of People with Each Score
Percentile by Number Answered
Your Score History
You have not taken this quiz